Normal view
MARC view
- Pytel, Andrew
Entry Personal Name
001 - CONTROL NUMBER
- control field: 7504
003 - CONTROL NUMBER IDENTIFIER
- control field: OSt
005 - DATE AND TIME OF LATEST TRANSACTION
- control field: 20250527152823.0
008 - FIXED-LENGTH DATA ELEMENTS
- fixed length control field: 250527|| aca||aabn | a|a d
040 ## - CATALOGING SOURCE
- Original cataloging agency: OSt
- Transcribing agency: OSt
100 ## - HEADING--PERSONAL NAME
- Personal name: Pytel, Andrew
670 ## - SOURCE DATA FOUND
- Source citation: Work cat.: (OSt)13423: Pytel, Andrew ., Mechanics of materials / , 2008.
